00725nam a2200181Ia 450000500170000000800410001702000150005808200220007310000230009524500810011826000350019930000130023444000090024765000510025694200070030799900190031495202100033320240703112544.0240126s9999 xx 000 0 und d a8170521637 a332.001 SHA;1 R aShashidharan, K P. 0aHow to get government Jobs : a must read for career information and guidance bJaico PublishingaMumbaic2011 axix, 242 aNULL agovernment,Jobs,must,read,information,guidance cPU c274036d274036 r2026-05-23 15:31:27l1o332.001 SHA;1 RpPU2677W20h(07/07/1905)s2026-05-08v159.20w2024-01-26yPU102ddc40708CL00K939aMLbLRCcCLd2014-12-19eK.V.Sreenivasang199.00EGENGRSF1V39.8URupees